| 000 | 00591nam a2200181Ia 4500 | ||
|---|---|---|---|
| 999 |
_c2570 _d2570 |
||
| 020 | _a0-19-565515-x | ||
| 082 | _aRR 338.954 IND-S | ||
| 245 | 0 | _aSouth India human development report | |
| 260 |
_aNew Delhi _bOxford University Press _c2001 |
||
| 300 | _axxii, 442p.: maps, tables | ||
| 650 |
_aSociology _vStudy and teaching |
||
| 650 |
_aSocial indicators _zSouth India |
||
| 650 |
_aEconomics _vSociological aspects |
||
| 650 |
_aSouth India _vSocial conditions |
||
| 650 |
_aSociology _vStatistical methods |
||
| 710 | _aIndia. National Council of Applied Economic Research | ||
| 942 | _cBK | ||